000 00298nam a2200097Ia 4500
082 _a306.483094 BRIM
245 0 _aEurotrashed : the rise and rise of Europe's football hooligans
100 _a BRIMSON, Dougie London, 2003
_964560
942 _cBK
008 210817s9999 xx 000 0 und d
999 _c205721
_d205720